00763nam a22002298 450000100060000000300100000600500170001600800410003302000180007402000150009203500140010704000190012108200260014010000210016624501240018726000630031130000360037450400510041065000280046170000200048970000240050937912(BD-RjUL)20211209052704.0930609s1995 njua b 001 0 eng  a9788120314733 a8120314735 a(BD-RjUL) aDLCc(BD-RjUL) 221a621.382bSID 19991 aSimon, Marvin K.10aDigital communication techniques :bsignal design and detection /cMarvin K. Simon, Sami M. Hinedi, William C. Lindsey. aNew Delhi :bPrentice Hall of India,cc1995 [1999 reprint] axviii, 888 p. :bill. ;c25 cm. aIncludes bibliographical references and index. 0aDigital communications.1 aHinedi, Sami M.1 aLindsey, William C.